ბათუმის შოთა რუსთაველის სახელმწიფო უნივერსიტეტის ბიბლიოთეკა

გადაცემები მანქანათმშენებლობაში = Передачи в машиностроении (კბილანა, ღვედური და ჯაჭვური გადაცემები) : (ბიბ.ჩანაწერი № 39820)

000 -ლიდერი
ფიქსირებული სიგრძის საკონტროლო ველი 01262nam a2200229Ia 4500
001 - საკონტროლო ნომერი
საკონტროლო ველი 6425
003 - საკონტროლო ნომრის იდენტიფიკატორი
საკონტროლო ველი GE_BSU
005 - ბოლო ოპერაციის თარიღი და დრო
საკონტროლო ველი 20190430120941.0
008 - ფიქსირებული სიგრძის მონაცემთა ელემენტები - ზოგადი ინფორმაცია
ფიქსირებული სიგრძის საკონტროლო ველი 181216s1960||||geo|||||||||||||| ||geo||
040 ## - კატალოგიზაციის წყარო
Transcribing agency GE_BSU
041 ## - ენის კოდი
Language code of text/sound track or separate title geo
080 ## - უნივერსალური ათობითი კლასიფიკაციის ინდექსი
Universal Decimal Classification number 621.833+621.855 გ-64
100 ## - მთავარი ჩანაწერი - პიროვნების სახელი
Personal name გოთოშია, ვ.
9 (RLIN) 485
245 ## - ცნობა სათაურის შესახებ
Title გადაცემები მანქანათმშენებლობაში = Передачи в машиностроении (კბილანა, ღვედური და ჯაჭვური გადაცემები) :
Remainder of title ძირითდი მასალები მანქანათა ნაწილების საკურსო პროექტისათვის /
Statement of responsibility, etc ვ. გოთოშია ; რედ. ი.ბაქრაძე.
264 ## - წარმოების, გამოცემის, დისტრიბუციის და სხვა ცნობები
გამოცემის, წარმოების, დისტრიბუციის... ადგილი თბილისი :
გამოცემის, წარმოების, დისტრიბუციის... სახელწოდება ცოდნა :
გამოცემის, წარმოების, დისტრიბუციის... თარიღი 1960.
300 ## - ფიზიკური აღწერა
Extent 214გვ. :
Other physical details ილ. ;
Dimensions 20 სმ.
504 ## - BIBLIOGRAPHY, ETC. NOTE
Bibliography, etc ბიბლიოგრ.:გვ.212.
653 ## - INDEX TERM--UNCONTROLLED
Uncontrolled term გადაცემები მანქანათმშენებლობაში
653 ## - INDEX TERM--UNCONTROLLED
Uncontrolled term მანქანათმშენებლობა
700 ## - ADDED ENTRY--PERSONAL NAME
Personal name ი. ბაქრაძე
Relator term რედაქტორი
9 (RLIN) 533
942 ## - ADDED ENTRY ELEMENTS (KOHA)
Koha item type წიგნი
Source of classification or shelving scheme
ეგზემპლარები
ჩამოწერის სტატუსი დაკარგული ეგზემპლარის სტატუსი კლასიფიკაციის წყარო ან თაროზე გაწყობის სქემა დაზიანების სტატუსი არ გაიცემა მუდმივი მდებარეობა (დაცვის ადგილი) ამჟამინდელი ადგილსამყოფელი თაროზე განთავსების ადგილი შეძენის თარიღი ღირებულება, შესყიდვის ნორმალური ფასი სრული შენახვის შიფრი შტრიხკოდი ბოლო ოპერაციის თარიღი ეგზემპლარის მიმდევრობითი ნომერი (კეტერი?) ფასის ძალაში შესვლის თარიღი ეგზემპლარის სახეობა საჯარო შენიშვნა
          ბათუმის შოთა რუსთაველის სახელმწიფო უნივერსიტეტის მთავარი ბიბლიოთეკა ტექნოლოგიური ფაკულტეტის ბიბლიოთეკა წიგნსაცავი 2018-12-17 1.50 621.833+621.855 გ-64 11395 2018-12-17 11395 2018-12-17 წიგნი 1.50 ლ.
          ბათუმის შოთა რუსთაველის სახელმწიფო უნივერსიტეტის მთავარი ბიბლიოთეკა ტექნოლოგიური ფაკულტეტის ბიბლიოთეკა წიგნსაცავი 2018-12-17 1.50 621.833+621.855 გ-64 11396 2018-12-17 11396 2018-12-17 წიგნი 1.50 ლ.